World war i / (Record no. 15748)
[ view plain ]
| 000 -LEADER | |
|---|---|
| fixed length control field | 01696nam a2200253 a 4500 |
| 001 - CONTROL NUMBER | |
| control field | ASIN1405329866 |
| 005 - DATE AND TIME OF LATEST TRANSACTION | |
| control field | 20170105102924.0 |
| 008 - FIXED-LENGTH DATA ELEMENTS--GENERAL INFORMATION | |
| fixed length control field | 131210s2008 xxu eng d |
| 020 ## - INTERNATIONAL STANDARD BOOK NUMBER | |
| International Standard Book Number | 1405329866 (hardcover) |
| 020 ## - INTERNATIONAL STANDARD BOOK NUMBER | |
| International Standard Book Number | 9781405329866 (hardcover) |
| 040 ## - CATALOGING SOURCE | |
| Original cataloging agency | 0 |
| 050 04 - LIBRARY OF CONGRESS CALL NUMBER | |
| Classification number | D522 |
| 050 04 - LIBRARY OF CONGRESS CALL NUMBER | |
| Classification number | D522 |
| 082 04 - DEWEY DECIMAL CLASSIFICATION NUMBER | |
| Classification number | 940.3 |
| Author Mark | WIL 2008 |
| 100 1# - MAIN ENTRY--PERSONAL NAME | |
| Personal name | Willmott, H. P. |
| 245 10 - TITLE STATEMENT | |
| Title | World war i / |
| Statement of responsibility, etc. | H. P. Willmott. |
| 260 ## - PUBLICATION, DISTRIBUTION, ETC. | |
| Place of publication, distribution, etc. | [S.l.] : |
| Name of publisher, distributor, etc. | Dorling Kindersley Publishers Ltd, |
| Date of publication, distribution, etc. | 2008. |
| 300 ## - PHYSICAL DESCRIPTION | |
| Extent | 336 p. ; |
| Dimensions | 26 cm. |
| 520 ## - SUMMARY, ETC. | |
| Summary, etc. | This is anniversary edition of this dynamic portrait of World War I. It is published to coincide with the 90th anniversary of the armistice, this dramatic account of World War I combines emotive photography with personal accounts to evoke both the futility and spirit of the Great War. Every aspect of World War I - sea, land and the home front - are explored giving you a complete picture of the conflict. Re-live major campaigns through timelines and examine the decisions and military actions which decided each outcome. Compelling eyewitness accounts of soldiers and civilians paint a vivid picture both of crucial battles and day-to-day routines. Plus, letters home and haunting war poetry highlight the most important aspect of 'the war to end all wars' - its appalling human cost. With a special anniversary guide to battlefield sites, memorials, cemeteries and visitor centres at Verdun, the Somme, Ypres and other locations commemorating the fallen of World War I. |
| 650 #0 - SUBJECT ADDED ENTRY--TOPICAL TERM | |
| Topical term or geographic name entry element | Military campaigns |
| 650 #0 - SUBJECT ADDED ENTRY--TOPICAL TERM | |
| Topical term or geographic name entry element | World War (1914-1918) |
| 856 40 - ELECTRONIC LOCATION AND ACCESS | |
| Materials specified | Amazon.com |
| Uniform Resource Identifier | <a href="http://www.amazon.com/exec/obidos/ASIN/1405329866/chopaconline-20">http://www.amazon.com/exec/obidos/ASIN/1405329866/chopaconline-20</a> |
| 942 ## - ADDED ENTRY ELEMENTS (KOHA) | |
| Source of classification or shelving scheme | |
| Koha item type | Book |
| Withdrawn status | Lost status | Damaged status | Not for loan | Collection code | Permanent Location | Current Location | Shelving location | Date acquired | Total Checkouts | Full call number | Barcode | Date last seen | Date last checked out | Price effective from | Koha item type |
|---|---|---|---|---|---|---|---|---|---|---|---|---|---|---|---|
| Centre for International Peace & Stability (CIPS) | Centre for International Peace & Stability (CIPS) | General Stacks | 10/02/2013 | 1 | 940.3 WIL 2008 | CIPS0001898 | 12/01/2025 | 11/06/2025 | 12/11/2013 | Book |
